00365 2200145 4500001002100000005001500021035002000036245007200056100001100128300001100139260003500150082000800185084001400193990001200207INLIS00000000000191520250521072707 a0010-05250002071 aBe Student Idol :bCara Cespleng Jadi Pelajar Jempolan /cM. Shodiq0 aShodiq a70 hlm aJakarta :bQultum Media,c2006 a800 a800 SHO b a0713434